[Postavenie Latinskej Ameriky vo svetovom hospodárstve]
Recenzia na monografiu : Postavenie Latinskej Ameriky vo svetovom hospodárstve. Publikácia si dáva za cieľ spriehľadniť vývoj na tomto kontinente od koloniálneho obdobia, ktoré sformovalo základný rámec ekonomických ale aj sociálno-ekonomických vzťahov Latinskej Ameriky, cez obdobie 20. storočia-obd...
Gespeichert in:
| 1. Verfasser: | |
|---|---|
| Format: | Buchkapitel |
| Sprache: | Slowakisch |
| Schlagworte: | |
| Tags: |
Keine Tags, Fügen Sie das erste Tag hinzu!
|
MARC
| LEADER | 00000naa$a2200000$$$4500 | ||
|---|---|---|---|
| 001 | 0061549 | ||
| 005 | 20240502071707.2 | ||
| 041 | 0 | |a slo | |
| 044 | |a SK | ||
| 245 | 1 | 0 | |a [Postavenie Latinskej Ameriky vo svetovom hospodárstve] |c Otília Zorkóciová |
| 520 | |a Recenzia na monografiu : Postavenie Latinskej Ameriky vo svetovom hospodárstve. Publikácia si dáva za cieľ spriehľadniť vývoj na tomto kontinente od koloniálneho obdobia, ktoré sformovalo základný rámec ekonomických ale aj sociálno-ekonomických vzťahov Latinskej Ameriky, cez obdobie 20. storočia-obdobie svetových vojen, ale aj slávy Latinskej Ameriky, či tzv Veľkej krízy až do súčasnosti. | ||
| 610 | 2 | 0 | |a recenzie |
| 610 | 2 | 0 | |a hospodárstvo svetové |
| 610 | 2 | 0 | |a politika medzinárodná |
| 610 | 2 | 0 | |a Latinská Amerika |
| 610 | 2 | 0 | |a história |
| 100 | 1 | |a Zorkóciová, Otília, 1954- | |